000 00689nam a22002177a 4500
005 20260210161808.0
100 _aAswathy, A.R.
245 _aConstruction of a pSiM24 based plant expression vector for overexpression of translationally controlled tumour protein (TCTP) gene in Hevea brasiliensis towards stress tolerance enhancement
260 _bRubber Science, 38(2): 215-228.
_c2025
650 _aAgrobacterium mediated transformation
650 _aCloning
650 _apSiM24 vector
650 _aSequencing
650 _aTCTP
700 _aThomas, K.U.
700 _aParvathy, B.
700 _aAjith, R.
700 _aBen, A.S.
700 _aJayashree, R.
942 _cJS
999 _c75807
_d75807